| 000 | 00364 a2200145 4500 | ||
|---|---|---|---|
| 005 | 20250628101418.0 | ||
| 020 | _a0-07-247112-3 | ||
| 082 | _a330 SCH | ||
| 100 | _aSCHILLER,Bradley R | ||
| 245 | _aThe Economy Today | ||
| 250 | _a9th Ed. | ||
| 260 |
_aBoston _bMcGraw-Hill Irwin _c2003 |
||
| 300 |
_axvi,770p.;chats,Figure, _bGlossary,Index _c28cm |
||
| 942 |
_2ddc _cBKS |
||
| 999 |
_c5783 _d5783 |
||